000
00228nam a2200097Ia 4500
005
20251222114415.0
008
251222s1900||||xx |||||||||||||| ||spa||
082
_a
DVD0070/D89/2001
245
0
_a
Trece días:Treze Días
942
_c
DVD
999
_c
2182
_d
2182